000 01193ngm a22003610a 4500
001 PT16758
003 AR-LpoUNG
005 20210202000242.0
007 vd cvaizq
008 191001ss. f||||ag |||||||||||||||||spa d
037 _c$8.30
040 _aAR-LpoUNG
_bspa
_cAR-LpoUNG
_eaacr
041 _aspa
044 _aag
082 0 _a982.064 259sen
100 1 _aSaura, Guillermo
_edir.
245 1 0 _aSentimientos :
_bMirta de Liniers a Estambul
260 _aBuenos Aires :
_bVideo Laser,
_cs. f..
300 _aVHS : son., col.
505 0 _aAño de realización 1987
520 _aSentimientos es la historia de una joven de veinte años y de su inusual travesía del barrio de Liniers en Buenos Aires, a la ciudad de Estambul. Es también en esencia, una historia de amor, enmarcada en las circunstancias que condicionaron la vida y e exilio de miles de argentinos en años recientes. (Historia real)
650 4 _aGRUPOS
650 4 _aHOGAR
650 4 _aMATRIMONIO
650 4 _aMEDIO FAMILIAR
650 4 _aPADRES
650 4 _aSOCIEDAD
653 _aCINE ARGENTINO
653 _aVIDEOS
700 1 _aCoscia, Jorge
_edir.
905 _a16758
942 _cVIDEO
999 _c54456
_d54456